00305nam a2200121 a 450000500170000000800410001702000180005805000220007610000160009824500280011426000320014230000090017420140412111302.0100122s19uu xx 00 eng d a0-590-53524-2 aTR(PS EbC19 1994 aCarle, Eric aMy Apron /cEric Carle. aU.S.A :bScholastic,c1994. aunp.